| 000 | 00923nam a2200193Ii 4500 | ||
|---|---|---|---|
| 003 | JO-AjNU | ||
| 008 | 230605s9999||||xx |||||||||||||| ||und|| | ||
| 040 |
_aJO-AjNU _bara _erda _cJO-AjNU |
||
| 041 | _aara | ||
| 050 | 1 | 4 | _aQA76 2015 |
| 100 | 3 |
_aاعداد شفاء محمد ربابعه، روان عزمي ابو سمره، هيا احمد عليوه؛ اشراف محمد بني يونس, _eauthor _958315 |
|
| 245 | 0 | 0 | _aنظام تدريب ميداني = Online practical training system |
| 264 | 3 | 1 | _aعجلون: جامعة عجلون الوطنيه، 2015 |
| 300 |
_a45ص _bمشروع تخرج جامعة عجلون الوطنيه ( عجلون ، الاردن) كلية تكنولوجيا المعلومات ، 2015 |
||
| 336 |
_atext _btxt _2rdacontent |
||
| 337 |
_aunmediated _bn _2rdamedia |
||
| 338 |
_avolume _bnc _2rdacarrier |
||
| 650 | 4 |
_aالانظمه - نظام تدريب ميداني _958316 |
|
| 999 |
_aA26181 _c29749 _d29749 |
||